South Eastern Kenya University

Library Online Public Access Catalogue


The short prose reader / (Record no. 9265)

MARC details
000 -LEADER
fixed length control field 01071cam a2200289 a 4500
001 - CONTROL NUMBER
control field 12744618
003 - CONTROL NUMBER IDENTIFIER
control field OSt
005 - DATE AND TIME OF LATEST TRANSACTION
control field 20150928110855.0
008 - FIXED-LENGTH DATA ELEMENTS--GENERAL INFORMATION
fixed length control field 020417s2003 maua b 001 0 eng
010 ## - LIBRARY OF CONGRESS CONTROL NUMBER
LC control number 2002069587
020 ## - INTERNATIONAL STANDARD BOOK NUMBER
International Standard Book Number 0072823267 (softcover : acidfree paper)
040 ## - CATALOGING SOURCE
Original cataloging agency SEKU
050 00 - LIBRARY OF CONGRESS CALL NUMBER
Classification number PE 1417
Item number .M8 2003
100 ## - MAIN ENTRY--PERSONAL NAME
Relator code Muller, Gilbert H.,
245 04 - TITLE STATEMENT
Title The short prose reader /
Statement of responsibility, etc. [compiled by] Gilbert H. Muller, Harvey S. Wiener.
250 ## - EDITION STATEMENT
Edition statement 10th ed.
260 ## - PUBLICATION, DISTRIBUTION, ETC. (IMPRINT)
Place of publication, distribution, etc. Boston :
Name of publisher, distributor, etc. McGraw-Hill,
Date of publication, distribution, etc. 2003.
300 ## - PHYSICAL DESCRIPTION
Extent xxviii, 516, A 1-37, G 1-12, C 1-6, I 1-4 p. :
Other physical details ill. ;
Dimensions 22 cm.
504 ## - BIBLIOGRAPHY, ETC. NOTE
Bibliography, etc Includes bibliographical references (p. C 1-6) and index.
650 #0 - SUBJECT ADDED ENTRY--TOPICAL TERM
Topical term or geographic name as entry element College readers.
650 #0 - SUBJECT ADDED ENTRY--TOPICAL TERM
Topical term or geographic name as entry element English language
General subdivision Rhetoric
Form subdivision Problems, exercises, etc.
650 #0 - SUBJECT ADDED ENTRY--TOPICAL TERM
Topical term or geographic name as entry element Report writing
Form subdivision Problems, exercises, etc.
700 1# - ADDED ENTRY--PERSONAL NAME
Personal name Wiener, Harvey S.
856 42 - ELECTRONIC LOCATION AND ACCESS
Materials specified Publisher description
Uniform Resource Identifier <a href="http://www.loc.gov/catdir/description/mh024/2002069587.html">http://www.loc.gov/catdir/description/mh024/2002069587.html</a>
856 41 - ELECTRONIC LOCATION AND ACCESS
Materials specified Table of contents
Uniform Resource Identifier <a href="http://www.loc.gov/catdir/toc/mh023/2002069587.html">http://www.loc.gov/catdir/toc/mh023/2002069587.html</a>
942 ## - ADDED ENTRY ELEMENTS (KOHA)
Source of classification or shelving scheme Library of Congress Classification
Koha item type General circulation
Holdings
Withdrawn status Lost status Source of classification or shelving scheme Damaged status Not for loan Home library Current library Shelving location Date acquired Total Checkouts Full call number Barcode Date last seen Price effective from Koha item type Public note
    Library of Congress Classification     Wote Campus Library Wote Campus Library General Stacks 28/09/2015   [WTE] PE 1417 .M8 2003 2015/008545 28/09/2015 28/09/2015 General circulation EKG
Kitui, Kenya.
+254736116989
library@seku.ac.ke